000 00483nam a2200169Ia 4500
005 20250423100643.0
008 250422s9999 xx 000 0 und d
020 _a0934613648
050 _aQ 325.5 .I562/
245 0 _aProceedings of the fifth international conference on machine learning
260 _aSan Mateo
260 _bMorgan Kaufmann Publisher
260 _c1988
300 _a467 p
650 _aMachine learning--Congresses. Data mining.--Congresses.
942 _cBK
999 _c33955
_d33955